000 01704nam a2200169 i 4500
001 171054
003 ES-MaACL
005 20230906214528.0
008 090424s19441945sp |||| | spa d
080 _a94(460)
110 2 _aReal Academia de la Historia (España)
_96309
245 1 0 _aDiscursos leídos ante la Academia de la Historia,
_f1944-1945 /
_cReal Academia de la Historia.
260 _aMadrid :
_b[s.n.],
_c1944 (
_fImp. de la Revista de Archivos, Bibliotecas y Museos)
300 _a1 v. ;
_c25 cm.
505 8 _aContiene: La emancipación de América y su reflejo en la conciencia española / Melchor Fernández Almagro (86 p.). Contestación / Duque de Maura (p. 97-131). Una reina de España en la intimidad, Isabel de Valois; Necrología de D. Bernardino de Melgar y Abreu, Marqués de San Juan de Piedras Albas / Agustín González de Amezúa y Mayo (97 p.). Contestación / Eloy Bullón y Fernández, Marqués de Selva Alegre (p. 99-122). Las jornadas del cardenal Don Rodrigo de Castro Osorio / Armando Cotarelo Valledor (80 p.). Contestación / Eloy Bullón y Fernández (p. 81-102). Austrias y Albrets ante la incorporación de Navarra a Castilla; Nota biográfica de D. Francisco Rodríguez Marín / Conde de Rodezno (76 p.+ h. de lám.). Contestación / Marqués del Saltillo (p. 77-91). Bandas y guerrillas en las luchas con Roma / Antonio García Bellido (68 p.). Contestación / Elias Tormo y Monzó (p. 69-93). El Conde de Aranda en su embajada a Francia (años 1773-1787) / Miguel Gómez del Campillo (129 p. + 1 h. de lám.). Contestación / Mercedes Gaibrois Riaño de Ballesteros (p. 131-145).
852 _aES-MaACL
_jK-136
_z- Enc. en pasta española
_xOlim: F-M-III-H
999 _c171054
_d171054